Datum a čas kvízu
21
Celkem bodů
Celkový počet nahraných bodů na tomto kvízu bez doplňovacích otázek.
10.
Pořadí na kvízu
Konečné umístění týmu na tomto kvízu.
Zaznamenané odpovědi
| # | Otázka | Odpověď | Body | Výsledky |
|---|---|---|---|---|
| 1. | Prezidentská kancelář zveřejni... | špatná akustika | 1 | |
| 2. | Posádka tureckých nízkonáklado... | Britové | 0 | |
| 3. | Fanoušci seriálu Simpsonovi sm... | Larry | 0 | |
| 4. | Mobilní síť jednoho českého op... | Vodafone | 1 | |
| 5. | Jak se jmenuje muž, který byl... | Libor Zábranský | 0 | |
| 6. | Sugo all'amatriciana patří mez... | guanciale; pecorino | 0 | |
| 7. | Napište zakrytou značku zobraz... | Kikkoman | 0 | |
| 8. | Když se řekne omáčka, určitě s... | 15 | 0 | |
| 9. | Město Worcester dalo jméno jed... | C; ločidlo | 0 | |
| 10. | Jak se označuje tato omáčka (z... | holandská omáčka; vejce Benedikt | 0.5 |